APPLIED DESIGN OF EXPERIMENTS & TAGUCHI METHODS / (Record no. 33209)
[ view plain ]
| 000 -LEADER | |
|---|---|
| fixed length control field | 00336nam a22001337a 4500 |
| 020 ## - INTERNATIONAL STANDARD BOOK NUMBER | |
| International Standard Book Number | 978-81-204-4527-0 |
| 082 ## - DEWEY DECIMAL CLASSIFICATION NUMBER | |
| Classification number | 621.9 |
| 100 ## - MAIN ENTRY--PERSONAL NAME | |
| Personal name | Krishnaiah & Shahabudeen |
| 245 ## - TITLE STATEMENT | |
| Title | APPLIED DESIGN OF EXPERIMENTS & TAGUCHI METHODS / |
| 260 ## - PUBLICATION, DISTRIBUTION, ETC. | |
| Place of publication, distribution, etc. | New Dehli |
| Name of publisher, distributor, etc. | PHI |
| Date of publication, distribution, etc. | 2012. |
| 300 ## - PHYSICAL DESCRIPTION | |
| Extent | 362 p. ; |
| Other physical details | 23cm. |
| 500 ## - GENERAL NOTE | |
| General note | Paperback. |
| 942 ## - ADDED ENTRY ELEMENTS (KOHA) | |
| Koha item type | Book |
| Withdrawn status | Lost status | Source of classification or shelving scheme | Damaged status | Not for loan | Permanent Location | Current Location | Date acquired | Total Checkouts | Full call number | Barcode | Date last seen | Price effective from | Koha item type |
|---|---|---|---|---|---|---|---|---|---|---|---|---|---|
| School of Mechanical & Manufacturing Engineering (SMME) | School of Mechanical & Manufacturing Engineering (SMME) | 01/08/2016 | 621.9 KRI | SMME-2379 | 04/03/2018 | 01/08/2016 | Book |
